000 00436nam a2200133Ia 4500
008 210430s9999 xx 000 0 und d
020 _a0-8247-7929-0
082 _a660.39 M239 S
100 _aJohn F.Scamehorn, Jeffrey H. Harwell
_9127089
245 _aSurfactant- Based Separation Processes /
_cJohn F.Scamehorn
_b(surfactant science series V-33)
260 _aNew york
_bMarcel Dekker,inc.
_c1989
300 _a342p
942 _cBK
_2ddc
999 _c561823
_d561823